2020 Formula One Drivers - Statistics

General Stats
  • This quiz has been taken 310 times
  • The average score is 19 of 20
Answer Stats
Team Country Driver % Correct
Mercedes United Kingdom Lewis Hamilton
99%
Red Bull Netherlands Max Verstappen
98%
Ferrari Germany Sebastian Vettel
98%
Mercedes Finland Valtteri Bottas
98%
Ferrari Monaco Charles Leclerc
97%
McLaren Spain Carlos Sainz Jr.
96%
Alfa Romeo Finland Kimi Raikkönen
96%
McLaren United Kingdom Lando Norris
96%
Racing Point Mexico Sergio Pérez
96%
Red Bull Thailand Alexander Albon
95%
Williams United Kingdom George Russell
95%
Racing Point Canada Lance Stroll
95%
Renault Australia Daniel Ricciardo
94%
Alpha Tauri France Pierre Gasly
94%
Renault France Esteban Ocon
93%
Haas Denmark Kevin Magnussen
91%
Haas France Romain Grosjean
89%
Alpha Tauri Russia Daniil Kvyat
88%
Williams Canada Nicholas Latifi
88%
Alfa Romeo Italy Antonio Giovinazzi
86%
No matching quizzes found
Score Distribution
Percent of People with Each Score
Percentile by Number Answered
Your Score History
You have not taken this quiz